000 00476cam a2200181ua 4500
020 _a0-08-024009-7
041 _aeng
_h
082 _a028.72628
_bVOW/EX
100 _aVowles, P D .
245 _aExperiments in environmental chemistry: A laboratory manual /
_cP D Vowles.
_hTextual Documents
250 _a1 /
_b.
260 _aOxford :
_bPergamon Press ,
_c1980.
300 _a102 ; .
504 _a
700 1 _aConnell, D W .
942 _cBK
999 _c5555
_d5555